000
00309nam a22001337a 4500
008
181009b xxu||||| |||| 00| 0 eng d
020
_a
0030295580
041
_a
eng
080
_a
510
100
_a
36
101
_a
MAT
245
_a
An Introduction to the History of Mathematics
_c
Eves, H
942
_2
udc
_c
BK
999
_c
49174
_d
49174